[Event "TUR Cup"]
[Site "Adapazari"]
[Date "2022.03.30"]
[Round "9"]
[White "Erke, Mustafa Yigit"]
[Black "Sahin, Huseyin"]
[Result "1-0"]
[WhiteElo "1517"]
[BlackElo "1788"]
[PlyCount "65"]
[EventDate "2022.03.25"]
[EventType "swiss"]
[EventRounds "11"]
[EventCountry "TUR"]
[SourceTitle "EXT 2023"]
[Source "ChessBase"]
[SourceDate "2022.10.05"]
[SourceVersion "1"]
[SourceVersionDate "2022.10.05"]
[SourceQuality "1"]

1. e4 c6 2. c4 d5 3. cxd5 cxd5 4. exd5 Nf6 5. Bb5+ Bd7 6. Bc4 g6 7. Qb3 b6 8. a4 a6 9. d3 Bc8 10. Be3 Nbd7 11. d6 Ne5 12. dxe7 Bxe7 13. Qxb6 Qd7 14. Qd4 Qf5 15. Qf4 Nxd3+ 16. Bxd3 Qxd3 17. Ne2 0-0 18. Nc1 Qc2 19. 0-0 Nd5 20. Qf3 Nxe3 21. Qxe3 Qxb2 22. Ra2 Qf6 23. Re1 Be6 24. Rae2 Bb4 25. Nd2 Rad8 26. Nd3 Ba5 27. Nc5 Rfe8 28. Nde4 Qe7 29. Nxe6 Qxe6 30. Qg5 f5 31. Nf6+ Kf7 32. Nxe8 h6 33. Qxd8 1-0

[Event "TUR Cup"]
[Site "Adapazari"]
[Date "2022.03.29"]
[Round "7"]
[White "Erke, Mustafa Yigit"]
[Black "Kayan, Veli"]
[Result "1/2-1/2"]
[WhiteElo "1517"]
[BlackElo "1921"]
[PlyCount "126"]
[EventDate "2022.03.25"]
[EventType "swiss"]
[EventRounds "11"]
[EventCountry "TUR"]
[SourceTitle "EXT 2023"]
[Source "ChessBase"]
[SourceDate "2022.10.05"]
[SourceVersion "1"]
[SourceVersionDate "2022.10.05"]
[SourceQuality "1"]

1. e4 d6 2. d4 g6 3. h4 h5 4. Nc3 Bg7 5. Be3 Nf6 6. f3 a6 7. Qd2 b5 8. a4 b4 9. Na2 a5 10. c3 bxc3 11. bxc3 0-0 12. Nh3 Nc6 13. Ng5 e5 14. d5 Nb8 15. Rb1 Bd7 16. Bb5 Qe7 17. 0-0 Nh7 18. c4 Bc8 19. c5 f5 20. g3 f4 21. gxf4 exf4 22. Bxf4 Bd4+ 23. Kg2 Bxc5 24. Nc3 Na6 25. e5 Nxg5 26. hxg5 dxe5 27. Bg3 Bf5 28. Rbe1 Bd6 29. f4 e4 30. Bxa6 Rxa6 31. Qe2 Rb6 32. Nxe4 Bxe4+ 33. Qxe4 Qxe4+ 34. Rxe4 Rf5 35. Rd1 Rb2+ 36. Kh3 Kf7 37. Red4 Rb3 38. R4d3 Rxd3 39. Rxd3 Bxf4 40. Bxf4 Rxf4 41. Rc3 Rxa4 42. Rxc7+ Kf8 43. Rc6 Kf7 44. Rc7+ Ke8 45. Rc6 Ra3+ 46. Kh4 Ra4+ 47. Kh3 Rd4 48. Rxg6 a4 49. Ra6 Kf7 50. Rf6+ Kg7 51. Rc6 Rxd5 52. Kh4 Ra5 53. Kxh5 a3 54. Rc7+ Kf8 55. Rc1 a2 56. Ra1 Ra4 57. Kg6 Ke7 58. Kf5 Kf7 59. g6+ Kg7 60. Kg5 Kf8 61. Rf1+ Kg7 62. Ra1 Ra3 63. Kf4 Kxg6 1/2-1/2

[Event "TUR Cup"]
[Site "Adapazari"]
[Date "2022.03.27"]
[Round "4"]
[White "Aysoy, Veysi"]
[Black "Erke, Mustafa Yigit"]
[Result "1-0"]
[WhiteElo "1828"]
[BlackElo "1517"]
[PlyCount "99"]
[EventDate "2022.03.25"]
[EventType "swiss"]
[EventRounds "11"]
[EventCountry "TUR"]
[SourceTitle "EXT 2023"]
[Source "ChessBase"]
[SourceDate "2022.10.05"]
[SourceVersion "1"]
[SourceVersionDate "2022.10.05"]
[SourceQuality "1"]

1. d4 f5 2. g3 g6 3. Bg2 Bg7 4. Nf3 Nf6 5. 0-0 0-0 6. c4 d6 7. Nc3 Nc6 8. d5 Ne5 9. Nxe5 dxe5 10. Qb3 Nd7 11. Rd1 a5 12. Na4 Kh8 13. c5 b5 14. cxb6 cxb6 15. d6 Rb8 16. Bg5 Bf6 17. Bh6 Bg7 18. Qe6 exd6 19. Bxg7+ Kxg7 20. Qxd6 Qf6 21. Qc7 e4 22. Rac1 f4 23. Bxe4 fxg3 24. Qxg3 Ne5 25. Nc3 Qf4 26. e3 Qxg3+ 27. hxg3 Bg4 28. Rd5 Nf3+ 29. Kf1 Rbd8 30. Kg2 Nd2 31. Rxd8 Rxd8 32. Rc2 Be6 33. Bc6 Rd6 34. Ne4 Nxe4 35. Bxe4 Bxa2 36. Bf3 Bd5 37. e4 Bc6 38. e5 Bxf3+ 39. Kxf3 Rd7 40. Ke4 Kf7 41. f4 a4 42. g4 Rb7 43. f5 b5 44. Rh2 Kg8 45. f6 b4 46. e6 b3 47. f7+ Kg7 48. Rxh7+ Kxh7 49. f8Q a3 50. Qxa3 1-0

[Event "Kesan op 16th"]
[Site "Kesan"]
[Date "2018.08.13"]
[Round "2"]
[White "Aydincelebi, Kagan"]
[Black "Erke, Mustafa Yigit"]
[Result "1-0"]
[WhiteElo "2138"]
[BlackElo "1599"]
[PlyCount "59"]
[EventDate "2018.08.12"]
[EventType "swiss"]
[EventRounds "9"]
[EventCountry "TUR"]
[SourceTitle "CBM 186 Extra"]
[Source "ChessBase"]
[SourceDate "2018.08.24"]
[SourceVersion "1"]
[SourceVersionDate "2018.08.24"]
[SourceQuality "1"]

1. e4 c5 2. Nf3 Nc6 3. Bb5 e6 4. 0-0 Nge7 5. c3 e5 6. d4 exd4 7. cxd4 Nxd4 8. Nxd4 cxd4 9. Qxd4 a6 10. Ba4 b5 11. Bb3 Nc6 12. Qd5 Qe7 13. Bg5 f6 14. Bf4 Bb7 15. Qd2 g5 16. Bg3 h5 17. Nc3 Na5 18. Rfe1 Qb4 19. e5 f5 20. e6 d6 21. e7 Bg7 22. Bxd6 Nxb3 23. axb3 Qg4 24. Nd5 Rc8 25. h3 Qh4 26. Nc7+ Rxc7 27. Bxc7 Bd4 28. Be5 Bxg2 29. Qxd4 Bc6 30. Qxh4 1-0

[Event "TUR Cup										"]
[Site "Antalya"]
[Date "2018.01.31"]
[Round "7"]
[White "Baysan, Ersin"]
[Black "Erke, Mustafa Yigit"]
[Result "1-0"]
[WhiteElo "1881"]
[BlackElo "1609"]
[PlyCount "88"]
[EventDate "2018.01.27"]
[EventType "swiss"]
[EventRounds "11"]
[EventCountry "TUR"]
[SourceTitle "CBM 182 Extra"]
[Source "ChessBase"]
[SourceDate "2018.02.23"]
[SourceVersion "1"]
[SourceVersionDate "2018.02.23"]
[SourceQuality "1"]

1. d4 d5 2. c4 e6 3. Nf3 Nf6 4. g3 Be7 5. Bg2 0-0 6. 0-0 Nbd7 7. Qc2 c6 8. Rd1 b6 9. Nc3 Bb7 10. a3 a6 11. b4 Ra7 12. c5 a5 13. Rb1 Ba6 14. e4 Nxe4 15. Nxe4 dxe4 16. Qxe4 bxc5 17. bxc5 Nxc5 18. Qc2 Nd7 19. Ne5 Nxe5 20. dxe5 Qc8 21. Rb6 c5 22. Be4 Qc7 23. Qb2 c4 24. Rc6 Qb8 25. Rb6 Qe8 26. Bc6 Qc8 27. Be3 Rc7 28. Be4 Bc5 29. Bxc5 Rxc5 30. Qd4 c3 31. Qd6 Be2 32. Rc1 Rd8 33. Qe7 Rc7 34. Qh4 h6 35. Bc2 Rc4 36. Qh3 Rd2 37. Rd6 Rxd6 38. exd6 Qd7 39. Qg2 Qxd6 40. Qa8+ Qf8 41. Bh7+ Kxh7 42. Qxf8 c2 43. Qxf7 Rc3 44. Qxe6 Bf3 1-0

[Event "TUR Cup										"]
[Site "Antalya"]
[Date "2018.01.30"]
[Round "6"]
[White "Erke, Mustafa Yigit"]
[Black "Demirag, Batuhan"]
[Result "0-1"]
[WhiteElo "1609"]
[BlackElo "1992"]
[PlyCount "63"]
[EventDate "2018.01.27"]
[EventType "swiss"]
[EventRounds "11"]
[EventCountry "TUR"]
[SourceTitle "CBM 182 Extra"]
[Source "ChessBase"]
[SourceDate "2018.02.23"]
[SourceVersion "1"]
[SourceVersionDate "2018.02.23"]
[SourceQuality "1"]

1. e4 c5 2. Nf3 e6 3. d4 cxd4 4. Nxd4 a6 5. c4 Nf6 6. Nc3 Qc7 7. f4 d6 8. Be2 Be7 9. Be3 Nc6 10. 0-0 0-0 11. Qe1 Nxd4 12. Bxd4 e5 13. fxe5 dxe5 14. Qg3 Bc5 15. Bxc5 Qxc5+ 16. Kh1 Qe7 17. Rf2 b5 18. cxb5 axb5 19. Bxb5 Be6 20. h3 Rac8 21. Qxe5 Rc5 22. Qd4 Rd8 23. Qb4 Qc7 24. a4 Rh5 25. Be2 Rh4 26. Rf3 Ng4 27. g3 Rxh3+ 28. Kg2 Rh2+ 29. Kf1 Rh1+ 30. Kg2 Rxa1 31. Nb5 Qc1 32. Bf1 0-1

[Event "TUR Cup										"]
[Site "Antalya"]
[Date "2018.01.27"]
[Round "1"]
[White "Pektas, Yigit"]
[Black "Erke, Mustafa Yigit"]
[Result "1-0"]
[WhiteElo "2133"]
[BlackElo "1609"]
[PlyCount "98"]
[EventDate "2018.01.27"]
[EventType "swiss"]
[EventRounds "11"]
[EventCountry "TUR"]
[SourceTitle "CBM 182 Extra"]
[Source "ChessBase"]
[SourceDate "2018.02.23"]
[SourceVersion "1"]
[SourceVersionDate "2018.02.23"]
[SourceQuality "1"]

1. d4 d5 2. Nf3 Nf6 3. c4 e6 4. e3 Be7 5. Nc3 a6 6. cxd5 exd5 7. Bd3 Nc6 8. 0-0 0-0 9. a3 Bg4 10. b4 Re8 11. Bd2 Bf8 12. Rc1 Ne4 13. Be2 Re6 14. Ne1 Bxe2 15. Qxe2 Nxd4 16. exd4 Nxc3 17. Qxe6 fxe6 18. Rxc3 Bd6 19. Nf3 a5 20. Re3 axb4 21. axb4 Qf6 22. Rfe1 Re8 23. Ne5 Bxe5 24. Rxe5 Qg6 25. f4 Qd3 26. Be3 Kf7 27. Bf2 g6 28. g4 Qf3 29. Bg3 Qxg4 30. Kg2 Ra8 31. R1e2 Ra3 32. b5 Qf3+ 33. Kh3 Qxf4 34. Rc2 Qf1+ 35. Kh4 Qf6+ 36. Kh3 Qf1+ 37. Kh4 Qxb5 38. Rxc7+ Kf6 39. Bf4 g5+ 40. Bxg5+ Kg6 41. Rxe6+ Kf5 42. Rf6+ Ke4 43. Rf4+ Kd3 44. Rf3+ Kxd4 45. Rxa3 Qb4 46. Re3 h6 47. Bf4 Qf8 48. Kg3 b5 49. Rcc3 b4 1-0

[Event "Ordu op 2nd"]
[Site "Ordu"]
[Date "2016.04.17"]
[Round "7"]
[White "Tereladze, Sopiko"]
[Black "Erke, Mustafa Yigit"]
[Result "1-0"]
[WhiteElo "2138"]
[BlackElo "1733"]
[PlyCount "81"]
[EventDate "2016.04.14"]
[EventType "swiss"]
[EventRounds "7"]
[EventCountry "TUR"]
[SourceTitle "CBM 171 Extra"]
[Source "ChessBase"]
[SourceDate "2016.04.26"]
[SourceVersion "1"]
[SourceVersionDate "2016.04.26"]
[SourceQuality "1"]

1. e4 c5 2. Nf3 Nc6 3. Bb5 e6 4. Bxc6 bxc6 5. d3 d5 6. Nbd2 Nf6 7. 0-0 Be7 8. Re1 0-0 9. b3 a5 10. a4 Ra7 11. Ba3 Rd7 12. Qe2 Qb6 13. e5 Ne8 14. Rab1 Nc7 15. Bb2 Ba6 16. Bc3 Kh8 17. Nf1 d4 18. Bd2 Nd5 19. Ng3 Qd8 20. Ne4 h6 21. h3 Bc8 22. Nh2 Qe8 23. Bxa5 Nb4 24. Bxb4 cxb4 25. Nf3 c5 26. Nfd2 Bb7 27. Nc4 Bc6 28. Qg4 Ra7 29. f4 Bd5 30. Ncd6 f5 31. exf6 Bxd6 32. Nxd6 Qc6 33. Ne4 gxf6 34. Qg6 Rg7 35. Qxh6+ Kg8 36. Re2 e5 37. fxe5 fxe5 38. Qxc6 Bxc6 39. Rf1 Rxf1+ 40. Kxf1 Bd5 41. Nf6+ 1-0

[Event "Ordu op 2nd"]
[Site "Ordu"]
[Date "2016.04.15"]
[Round "2"]
[White "Erke, Mustafa Yigit"]
[Black "Stupak, Kirill"]
[Result "0-1"]
[WhiteElo "1733"]
[BlackElo "2530"]
[PlyCount "53"]
[EventDate "2016.04.14"]
[EventType "swiss"]
[EventRounds "7"]
[EventCountry "TUR"]
[SourceTitle "CBM 171 Extra"]
[Source "ChessBase"]
[SourceDate "2016.04.26"]
[SourceVersion "1"]
[SourceVersionDate "2016.04.26"]
[SourceQuality "1"]

1. e4 c6 2. c4 e5 3. Nf3 d6 4. d4 Bg4 5. dxe5 Bxf3 6. gxf3 dxe5 7. Qxd8+ Kxd8 8. Nc3 Bc5 9. Rg1 g6 10. f4 f6 11. fxe5 fxe5 12. Bg5+ Kc7 13. 0-0-0 Nd7 14. Rg3 Rf8 15. Rgd3 Bd4 16. f4 Nc5 17. Rf3 h6 18. Rh3 Bxc3 19. bxc3 Ne6 20. Bh4 Nxf4 21. Rf3 Nf6 22. Re1 Nd7 23. c5 g5 24. Bf2 Nd3+ 25. Rxd3 Rxf2 26. Rd2 Rhf8 27. Bh3 0-1

[Event "Troya op 23rd"]
[Site "Canakkale"]
[Date "2015.08.14"]
[Round "8"]
[White "Erke, Mustafa Yigit"]
[Black "Sahin, Handenur"]
[Result "0-1"]
[WhiteElo "1753"]
[BlackElo "1835"]
[PlyCount "96"]
[EventDate "2015.08.08"]
[EventType "swiss"]
[EventRounds "9"]
[EventCountry "TUR"]
[SourceTitle "CBM 167 Extra"]
[Source "ChessBase"]
[SourceDate "2015.09.14"]
[SourceVersion "1"]
[SourceVersionDate "2015.09.14"]
[SourceQuality "1"]

1. e4 Nf6 2. e5 Nd5 3. Nc3 Nxc3 4. bxc3 Nc6 5. f4 d6 6. d4 dxe5 7. fxe5 Bf5 8. Bb5 e6 9. Nf3 Qd5 10. Qe2 Qe4 11. Be3 Qxc2 12. Qxc2 Bxc2 13. d5 a6 14. Bxc6+ bxc6 15. dxc6 Be7 16. 0-0 0-0 17. Nd4 Be4 18. Rf4 Bg6 19. h4 Rfd8 20. g4 Bxh4 21. Nf3 Be7 22. Bd4 Rab8 23. Nd2 Bg5 24. Rf2 Bd3 25. Nb3 Bb5 26. Na5 h6 27. Rb1 Rbc8 28. Rd1 Ba4 29. Rd3 Rd5 30. Nb3 Bxc6 31. Rdf3 Bh4 32. Rf1 Bb5 33. Rc1 Bc4 34. Nc5 Be7 35. Ne4 c5 36. Bf2 Rxe5 37. Nd2 Bd5 38. Rd3 c4 39. Rd4 Bg5 40. Rb1 Re2 41. Nf1 Bf6 42. Rdd1 Bxc3 43. Ne3 Rd2 44. Rxd2 Bxd2 45. Rb6 c3 46. Rxa6 c2 47. Nxc2 Rxc2 48. Kf1 Bc4+ 0-1

[Event "Troya op 23rd"]
[Site "Canakkale"]
[Date "2015.08.11"]
[Round "5"]
[White "Hajiyev, Shahin Qabil"]
[Black "Erke, Mustafa Yigit"]
[Result "0-1"]
[WhiteElo "1945"]
[BlackElo "1753"]
[PlyCount "88"]
[EventDate "2015.08.08"]
[EventType "swiss"]
[EventRounds "9"]
[EventCountry "TUR"]
[SourceTitle "CBM 167 Extra"]
[Source "ChessBase"]
[SourceDate "2015.09.14"]
[SourceVersion "1"]
[SourceVersionDate "2015.09.14"]
[SourceQuality "1"]

1. d4 d5 2. c4 dxc4 3. e4 b5 4. a4 c6 5. b3 e5 6. Nf3 Bg4 7. bxc4 Bb4+ 8. Bd2 Bxf3 9. Qxf3 Qxd4 10. Bxb4 Qxa1 11. Bd3 Qxa4 12. Bd6 bxc4 13. 0-0 cxd3 14. Qg3 Nd7 15. Qxg7 0-0-0 16. Qxh8 Qxe4 17. Qg7 Ndf6 18. Bc5 d2 19. Nxd2 Rxd2 20. Qxf7 Qd5 21. Qxa7 Rd1 22. Qa8+ Kd7 23. Qb7+ Ke6 24. Qc8+ Qd7 25. Qa6 Ne4 26. Be3 Rxf1+ 27. Qxf1 Qd5 28. h3 c5 29. Qa6+ Nd6 30. Qa7 c4 31. Qxh7 Nf6 32. Qh8 Qd1+ 33. Kh2 Qh5 34. Qg7 Nf5 35. Qc7 Ng4+ 36. Kg1 Ngxe3 37. fxe3 Qd1+ 38. Kh2 Nd6 39. h4 Qd2 40. h5 Qxe3 41. Qg7 Qf4+ 42. g3 Qf2+ 43. Kh3 Qf1+ 44. Kh2 Qe2+ 0-1

[Event "Troya op 23rd"]
[Site "Canakkale"]
[Date "2015.08.08"]
[Round "1"]
[White "Onem, Cem"]
[Black "Erke, Mustafa Yigit"]
[Result "1/2-1/2"]
[WhiteElo "1927"]
[BlackElo "1753"]
[PlyCount "67"]
[EventDate "2015.08.08"]
[EventType "swiss"]
[EventRounds "9"]
[EventCountry "TUR"]
[SourceTitle "CBM 167 Extra"]
[Source "ChessBase"]
[SourceDate "2015.09.14"]
[SourceVersion "1"]
[SourceVersionDate "2015.09.14"]
[SourceQuality "1"]

1. e4 e5 2. Nf3 Nc6 3. Bb5 a6 4. Ba4 Nf6 5. 0-0 b5 6. Bb3 Nxe4 7. d4 d5 8. dxe5 Be6 9. c3 Be7 10. Nbd2 Nxd2 11. Bxd2 Na5 12. Nd4 Qd7 13. Nxe6 Qxe6 14. Bf4 Nxb3 15. axb3 0-0 16. b4 c5 17. bxc5 Bxc5 18. Re1 Rfd8 19. Be3 Rac8 20. Bxc5 Rxc5 21. f4 d4 22. cxd4 Rc4 23. Qf3 Qb6 24. Kh1 Rcxd4 25. f5 Rd3 26. Qe4 a5 27. e6 fxe6 28. fxe6 R3d6 29. e7 Re8 30. Re2 Qd4 31. Qxd4 Rxd4 32. g3 a4 33. Rf1 Rd7 34. Rf5 1/2-1/2

[Event "Kemer Turkey Cup"]
[Site "Kemer"]
[Date "2014.02.06"]
[Round "7"]
[White "Erke, Mustafa Yigit"]
[Black "Unlu, Ahmet Berkin"]
[Result "1-0"]
[WhiteElo "1821"]
[BlackElo "1662"]
[PlyCount "53"]
[EventDate "2014.02.01"]
[EventType "swiss"]
[EventRounds "9"]
[EventCountry "TUR"]
[SourceTitle "CBM 158 Extra"]
[Source "ChessBase"]
[SourceDate "2014.02.28"]
[SourceVersion "1"]
[SourceVersionDate "2014.02.28"]
[SourceQuality "1"]

1. e4 e5 2. Nf3 Nc6 3. Bc4 Bc5 4. b4 Bxb4 5. c3 Ba5 6. d4 exd4 7. 0-0 Nge7 8. Ng5 d5 9. Qh5 g6 10. Qh6 dxc4 11. Qg7 Kd7 12. Nxh7 Rxh7 13. Qxh7 Qg8 14. Qh4 Ke8 15. cxd4 Nxd4 16. Na3 Ne2+ 17. Kh1 Nxc1 18. Nxc4 Nxa2 19. Qg3 Bb6 20. Rxa2 Bd7 21. Rd1 Bd4 22. Rxd4 Qh8 23. Qxc7 Rc8 24. Nd6+ Kf8 25. Nxc8 Bxc8 26. Qd8+ Kg7 27. Qxh8+ 1-0

[Event "Kemer Turkey Cup"]
[Site "Kemer"]
[Date "2014.02.04"]
[Round "5"]
[White "Erke, Mustafa Yigit"]
[Black "Ayazmali, Gizem"]
[Result "1-0"]
[WhiteElo "1821"]
[BlackElo "1643"]
[PlyCount "49"]
[EventDate "2014.02.01"]
[EventType "swiss"]
[EventRounds "9"]
[EventCountry "TUR"]
[SourceTitle "CBM 158 Extra"]
[Source "ChessBase"]
[SourceDate "2014.02.28"]
[SourceVersion "1"]
[SourceVersionDate "2014.02.28"]
[SourceQuality "1"]

1. e4 d5 2. exd5 Qxd5 3. Nc3 Qd6 4. d4 g6 5. Be3 Bg7 6. Qd2 a6 7. Nf3 Nc6 8. d5 Ne5 9. Nxe5 Bxe5 10. Ne4 Qd8 11. 0-0-0 Nf6 12. Ng5 Bf5 13. f4 Bd6 14. Bd4 Bg4 15. Bxf6 exf6 16. Re1+ Kf8 17. Qd4 Bf5 18. h4 c6 19. dxc6 Rc8 20. Bc4 Bxf4+ 21. Qxf4 fxg5 22. Qe5 Kg8 23. Rd1 Qb6 24. Qe7 Rc7 25. Rd7 1-0

[Event "Troya op 21st"]
[Site "Canakkale"]
[Date "2013.08.17"]
[Round "1"]
[White "Erke, Mustafa Yigit"]
[Black "Yurtseven, Melih"]
[Result "0-1"]
[WhiteElo "1794"]
[BlackElo "2244"]
[PlyCount "102"]
[EventDate "2013.08.17"]
[EventType "swiss"]
[EventRounds "9"]
[EventCountry "TUR"]
[SourceTitle "CBM 156 Extra"]
[Source "ChessBase"]
[SourceDate "2013.10.22"]
[SourceVersion "1"]
[SourceVersionDate "2013.10.22"]
[SourceQuality "1"]

1. e4 d6 2. b3 Nf6 3. d3 e5 4. f4 exf4 5. Bxf4 Be7 6. Nf3 Bg4 7. Nbd2 Nbd7 8. Be2 Nc5 9. 0-0 Ne6 10. Ng5 Nxf4 11. Rxf4 Bxe2 12. Qxe2 h6 13. Nh3 Qd7 14. a4 Qe6 15. Re1 0-0-0 16. Nc4 Rhe8 17. Rf5 d5 18. Nf4 Bc5+ 19. Ne3 Qb6 20. e5 Bd4 21. a5 Qxa5 22. Kh1 Rxe5 23. Rxe5 Bxe5 24. Nfxd5 Bc3 25. Nxc3 Qxc3 26. Nd1 Qc5 27. Qe7 Qxc2 28. Qxf7 Qxd3 29. Nb2 Qd7 30. Qc4 Qd5 31. h3 Qxc4 32. Nxc4 Rd3 33. Re7 Rxb3 34. Rxg7 Rc3 35. Ne5 b5 36. Rg6 Nd5 37. Nc6 a6 38. Na5 b4 39. Rg8+ Kd7 40. Rg7+ Ke6 41. Rg6+ Kf5 42. Rxh6 b3 43. Nxb3 Rxb3 44. Rxa6 Rc3 45. Kg1 Nf4 46. Ra2 c5 47. Kf2 Nd3+ 48. Kf1 c4 49. Rd2 Ke4 50. Ke2 Rc1 51. g3 Kd4 0-1

[Event "TUR-ch"]
[Site "Antalya"]
[Date "2013.02.07"]
[Round "8"]
[White "Erke, Mustafa Yigit"]
[Black "Agdelen, Huseyin Can"]
[Result "0-1"]
[WhiteElo "1804"]
[BlackElo "1657"]
[PlyCount "123"]
[EventDate "2013.02.02"]
[EventType "swiss"]
[EventRounds "11"]
[EventCountry "TUR"]
[SourceTitle "CBM 152 Extra"]
[Source "ChessBase"]
[SourceDate "2013.02.25"]
[SourceVersion "1"]
[SourceVersionDate "2013.02.25"]
[SourceQuality "1"]

1. e4 c5 2. Nf3 d6 3. d4 cxd4 4. Nxd4 Nf6 5. Nc3 a6 6. Be2 e6 7. 0-0 Be7 8. Be3 0-0 9. Bf3 Nbd7 10. g3 Ne5 11. Be2 Qc7 12. Re1 Bd7 13. f3 Nc4 14. Bxc4 Qxc4 15. Qe2 Rfc8 16. Kg2 b5 17. Rac1 b4 18. Qxc4 Rxc4 19. Nd1 e5 20. Nb3 a5 21. c3 d5 22. Nd2 Rc6 23. Nf2 Rac8 24. Nd3 bxc3 25. bxc3 Rxc3 26. Rxc3 Rxc3 27. Nxe5 Be6 28. Rb1 Rxe3 29. Rb8+ Bf8 30. Kf2 Ra3 31. Nc6 g6 32. e5 Nd7 33. Rb2 Bc5+ 34. Kg2 d4 35. Ne4 Rxa2 36. Rxa2 Bxa2 37. Nxa5 Bd5 38. Nd2 Nxe5 39. Kf2 d3+ 40. Kg2 Bb4 41. Nab3 Bxb3 42. Nxb3 d2 43. Nxd2 Bxd2 44. f4 Nc6 45. Kf3 Kg7 46. g4 Kf6 47. Ke4 h6 48. h4 Bxf4 49. Kxf4 g5+ 50. Kg3 Ne5 51. h5 Nxg4 52. Kxg4 Ke5 53. Kf3 f5 54. Kg3 Ke4 55. Kg2 f4 56. Kh3 f3 57. Kg3 g4 58. Kh2 Ke3 59. Kg3 f2 60. Kg2 Ke2 61. Kh2 f1Q 62. Kg3 0-1

[Event "TUR-ch"]
[Site "Antalya"]
[Date "2013.02.07"]
[Round "9"]
[White "Guzelmansur, Fevzi"]
[Black "Erke, Mustafa Yigit"]
[Result "0-1"]
[WhiteElo "1584"]
[BlackElo "1804"]
[PlyCount "52"]
[EventDate "2013.02.02"]
[EventType "swiss"]
[EventRounds "11"]
[EventCountry "TUR"]
[SourceTitle "CBM 152 Extra"]
[Source "ChessBase"]
[SourceDate "2013.02.25"]
[SourceVersion "1"]
[SourceVersionDate "2013.02.25"]
[SourceQuality "1"]

1. d4 f5 2. Nf3 Nf6 3. Nc3 e6 4. h3 d6 5. Bf4 g6 6. e3 Bg7 7. Bd3 0-0 8. Qe2 Nc6 9. a3 Re8 10. Nd2 e5 11. dxe5 dxe5 12. Bg5 Be6 13. 0-0-0 h6 14. Bxf6 Qxf6 15. f3 Red8 16. Bb5 Nd4 17. exd4 exd4 18. Nce4 fxe4 19. Nxe4 Qf4+ 20. Kb1 c6 21. Bd3 Qe5 22. Qd2 c5 23. Rhe1 c4 24. Bf1 c3 25. Nxc3 Qa5 26. Rxe6 dxc3 0-1

[Event "TUR-ch"]
[Site "Kemer"]
[Date "2012.02.01"]
[Round "6"]
[White "Erke, Mustafa Yigit"]
[Black "Korkmaz, Necmettin"]
[Result "0-1"]
[WhiteElo "1845"]
[BlackElo "2164"]
[PlyCount "53"]
[EventDate "2012.01.29"]
[EventType "swiss"]
[EventRounds "10"]
[EventCountry "TUR"]
[SourceTitle "CBM 146 Extra"]
[Source "ChessBase"]
[SourceDate "2012.02.29"]
[SourceVersion "1"]
[SourceVersionDate "2012.02.29"]
[SourceQuality "1"]

1. e4 e6 2. d4 d5 3. exd5 exd5 4. Nf3 Bd6 5. Bd3 Ne7 6. h3 Nbc6 7. 0-0 Nb4 8. Bb5+ c6 9. Ba4 Bf5 10. Nh4 Be6 11. c3 Na6 12. Qh5 Qd7 13. f4 g6 14. Qe2 0-0-0 15. b4 Nc7 16. Nf3 Nf5 17. Kh2 f6 18. g4 Ng7 19. Qg2 g5 20. Ne5 fxe5 21. dxe5 h5 22. exd6 Qxd6 23. Kg1 hxg4 24. hxg4 d4 25. Bb3 dxc3 26. Nxc3 Qd4+ 27. Rf2 0-1